Statistics for Turkish Food Besides Kebab

Click here to take the quiz!

General Stats

  • This quiz has been taken 656 times
  • The average score is 9 of 15

Answer Stats

HintAnswer% Correct
Sweet pastry that consists of multiple layers filled with nuts and flavored with syrupBaklava
81%
Salty yoghurt drinkAyran
77%
Stuffed bell peppersDolma
75%
Bagel with sesame seedsSimit/Gevrek
69%
Round, thin dough topped with meat and vegetables, also known as Turkish PizzaLahmacun
62%
Scrambled eggs with tomatoesMenemen
58%
Vine leaves rolled around rice, herbs and spicesSarma
58%
Sweets made of starch and sugar most commonly flavored with rosewaterLokum (Turkish Delight)
57%
Dumplings typically served with garlic yoghurt and red pepper sauceMantı
57%
Dry, spicy sausages typically made of beef or sheep meatSucuk
55%
Raw meatballs (sometimes eaten rolled in a lettuce leaf)Çiğ Köfte
53%
Baked pastries filled with various ingridientsBörek
50%
Street food made out of intestines of lamb or goatKokoreç
45%
Turkish flatbread often filled with beef, spinach, potatoes or fetaGözleme
33%
Traditional soup made with sun-dried grains and yoghurtTarhana
21%

Score Distribution

Percentile by Number Answered

Percent of People with Each Score

Your Score History

You have not taken this quiz